00889cam a2200265 i 4500001000300000003000900003005001700012008003900029015001700068020001500085020001500100040003500115080000700150080001200157100004500169245010200214250001700316260004700333300003900380504001200419650003400431655003000465700003000495856009800525bgKOSZ 00520200803135640.0981230s1985 pl a f f |001 0 pol aPB 1985/8316 a8301018100 a8301025611 aWA NcKOSZ 005/HRdKOSZ 005/HR a51 a(075.8)1 aDziubiński, Izydord(1929-2014)eAutor10aMatematyka dla wyższych szkół technicznych.nT. 2 /cIzydor Dziubiński, Lucjan Siewierski. aWyd. 2 popr. aWarszawa :bPańst. Wydaw. Naukowec1985. a519, [1] s. :brys., wykr.c24 cm. aIndeks. 4aMatematykaxszkoły wyższe. 4aPodręczniki akademickie1 aSiewierski, LucjaneAutor uhttp://koha.tu.koszalin.pl/cgi-bin/koha/opac-detail.pl?biblionumber=24606yKatalog online BPK